| 000 | 00738cam a2200241 4500500 | ||
|---|---|---|---|
| 005 | 20260329005949.0 | ||
| 041 | _afre | ||
| 042 | _adc | ||
| 100 | 1 | 0 |
_aOrtoli, Sven _eauthor |
| 245 | 0 | 0 | _aTristan Garcia : sous le regard des dragons |
| 260 | _c2019. | ||
| 500 | _a74 | ||
| 690 | _aGame of Thrones | ||
| 690 | _aHeroic fantasy | ||
| 690 | _aPolitique | ||
| 690 | _aReligion | ||
| 690 | _aSéries télé | ||
| 690 | _aSéries TV | ||
| 690 | _aTemps | ||
| 690 | _aTristan Garcia | ||
| 786 | 0 | _nPhilosophie magazine - Hors séries | Hors-série Pritemps 2019 | HS41 | 2019-04-01 | p. 14-15 | 2104-9246 | |
| 856 | 4 | 1 | _uhttps://shs.cairn.info/magazine-philosophie-magazine-2019-hs41-page-14?lang=fr&redirect-ssocas=7080 |
| 999 |
_c1848272 _d1848272 |
||